000 00298nam a22001337a 4500
003 ASAB
005 20180827062642.0
008 160620t xxu||||| |||| 00| 0 eng d
020 _a978-969-562-349-7
040 _cASAB
245 _aNawadrat-e-Allama Iqbal
300 _a336 p.
942 _2ddc
_cBK
999 _c480132
_d480132